<?xml version="1.0" encoding="UTF-8"?><?xml-stylesheet type="text/xsl" href="static/style.xsl"?><OAI-PMH xmlns="http://www.openarchives.org/OAI/2.0/" xmlns:xsi="http://www.w3.org/2001/XMLSchema-instance" xsi:schemaLocation="http://www.openarchives.org/OAI/2.0/ http://www.openarchives.org/OAI/2.0/OAI-PMH.xsd"><responseDate>2026-06-01T07:51:22Z</responseDate><request verb="GetRecord" identifier="oai:riuma.uma.es:10630/23382" metadataPrefix="marc">https://riuma.uma.es/rest/oai/request</request><GetRecord><record><header><identifier>oai:riuma.uma.es:10630/23382</identifier><datestamp>2026-02-03T10:26:30Z</datestamp><setSpec>com_10630_1685</setSpec><setSpec>col_10630_38055</setSpec></header><metadata><record xmlns="http://www.loc.gov/MARC21/slim" xmlns:dcterms="http://purl.org/dc/terms/" xmlns:doc="http://www.lyncode.com/xoai" xmlns:xsi="http://www.w3.org/2001/XMLSchema-instance" xsi:schemaLocation="http://www.loc.gov/MARC21/slim http://www.loc.gov/standards/marcxml/schema/MARC21slim.xsd">
   <leader>00925njm 22002777a 4500</leader>
   <datafield ind2=" " ind1=" " tag="042">
      <subfield code="a">dc</subfield>
   </datafield>
   <datafield ind2=" " ind1=" " tag="720">
      <subfield code="a">Piriz Sapio, Fiorella</subfield>
      <subfield code="e">author</subfield>
   </datafield>
   <datafield ind2=" " ind1=" " tag="260">
      <subfield code="c">2021</subfield>
   </datafield>
   <datafield ind2=" " ind1=" " tag="520">
      <subfield code="a">En la última década, Deep Learning (DL) ha sido una de las técnicas más em pleadas en diversos campos de estudio, incluida la Bioinformática. Sin embargo, a día de hoy no existen demasiados estudios en los que se aplique DL en para el Alineamiento de Secuencias Múltiples (MSA), una herramienta esencial en el día a día de disciplinas como la Biología y la Bioinformática. En concreto, los problemas de MSA son muy relevantes en Bioinformática ya que permite des cubrir similitudes entre múltiples secuencias biológicas (ADN, ARN o proteína).&#xd;
Además, tiene muchas aplicaciones en la comparación de estructuras y el análisis funcional. Sin embargo, la alineación resultante puede diferir de usar una u otra aplicación, por lo que, el resultado puede no ser óptimo, lo cual es el objetivo de&#xd;
MSA. Por tanto, es una tarea difícil elegir qué alineación realizar dependiendo de la familia de proteínas.&#xd;
Por ello, en este trabajo de fin de grado proponemos una herramienta para comparar diferentes modelos de Machine Learning, como Decision Tree, Ran dom Forest o Gradient Boosting, con dos arquitecturas de redes neuronales con volucionales (CNN). El objetivo es demostrar que el aprendizaje profundo es un procedimiento eficaz para clasificar familias de proteínas en función del prome dio de identidad porcentual por pares de secuencias(PID).Estos modelos de toma de decisiones determinan cuál de las cuatro herramientas seleccionadas para la Alineación de Secuencias Múltiples (MSA): MAFFT, Muscle, ClustalW2 y T-coffee,&#xd;
proporcionará la alineación final más precisa.&#xd;
Finalmente, para representar el proyecto, hemos implementado una aplicación Web llamada MachineLAlign (código abierto disponible aquí) que permite obtener el MSA con cualquiera de los modelos entrenados y evaluados.</subfield>
   </datafield>
   <datafield ind1="8" ind2=" " tag="024">
      <subfield code="a">https://hdl.handle.net/10630/23382</subfield>
   </datafield>
   <datafield tag="653" ind2=" " ind1=" ">
      <subfield code="a">Bioinformática</subfield>
   </datafield>
   <datafield tag="653" ind2=" " ind1=" ">
      <subfield code="a">Alineamiento de secuencias (Bioinformática)</subfield>
   </datafield>
   <datafield tag="653" ind2=" " ind1=" ">
      <subfield code="a">Aprendizaje automático (Inteligencia artificial)</subfield>
   </datafield>
   <datafield tag="653" ind2=" " ind1=" ">
      <subfield code="a">Aplicaciones (Software)</subfield>
   </datafield>
   <datafield tag="653" ind2=" " ind1=" ">
      <subfield code="a">Grado en Ingeniería de la Salud - Trabajos Fin de Grado</subfield>
   </datafield>
   <datafield tag="653" ind2=" " ind1=" ">
      <subfield code="a">Informática - Trabajos Fin de Grado</subfield>
   </datafield>
   <datafield ind2="0" ind1="0" tag="245">
      <subfield code="a">Aplicación de técnicas de Deep Learning al Alineamiento  Múltiple de Secuencias</subfield>
   </datafield>
</record>
</metadata></record></GetRecord></OAI-PMH>